[Event "VEN-ch U17"]
[Site "Caracas"]
[Date "2019.08.07"]
[Round "2"]
[White "Duran Martinez, Jeremy Moises"]
[Black "Velasquez Cristancho, Juan Pablo"]
[Result "1/2-1/2"]
[WhiteElo "1837"]
[BlackElo "1731"]
[PlyCount "66"]
[EventDate "2019.08.07"]
[EventType "swiss"]
[EventRounds "9"]
[EventCountry "VEN"]
[SourceTitle "EXT 2020"]
[Source "ChessBase"]
[SourceDate "2019.10.17"]
[SourceVersion "1"]
[SourceVersionDate "2019.10.17"]
[SourceQuality "1"]

1. e4 c5 2. Ne2 d6 3. g3 Nf6 4. Bg2 e6 5. c3 Be7 6. d4 cxd4 7. cxd4 0-0 8. Nbc3 Nbd7 9. 0-0 Nb6 10. h3 d5 11. e5 Ne8 12. f4 f5 13. g4 g6 14. Kh2 Ng7 15. Ng3 Bd7 16. gxf5 Nxf5 17. Nxf5 gxf5 18. Bd2 Kh8 19. b3 Rg8 20. Rg1 Bh4 21. Be1 Rc8 22. Rc1 Be7 23. Ne2 Rxc1 24. Qxc1 Qc8 25. Bf3 Qxc1 26. Rxg8+ Kxg8 27. Nxc1 Be8 28. Nd3 Nd7 29. Bb4 Bxb4 30. Nxb4 Nb8 31. Kg3 Nc6 32. Nc2 a5 33. a3 Kg7 1/2-1/2

[Event "Valencia Ballesteros Memorial 2nd"]
[Site "Valencia"]
[Date "2019.05.18"]
[Round "2"]
[White "Briceno Quinones, Ruben Dario"]
[Black "Duran Martinez, Jeremy Moises"]
[Result "0-1"]
[WhiteElo "2143"]
[BlackElo "1756"]
[PlyCount "114"]
[EventDate "2019.05.17"]
[EventType "swiss"]
[EventRounds "5"]
[EventCountry "VEN"]
[SourceTitle "EXT 2020"]
[Source "ChessBase"]
[SourceDate "2019.10.17"]
[SourceVersion "1"]
[SourceVersionDate "2019.10.17"]
[SourceQuality "1"]

1. c4 Nf6 2. Nc3 g6 3. Nf3 Bg7 4. g3 0-0 5. Bg2 d6 6. d4 Nbd7 7. 0-0 e5 8. dxe5 dxe5 9. Bg5 c6 10. Qa4 Qc7 11. Rac1 Nh5 12. Qa3 f6 13. Be3 f5 14. Bg5 e4 15. Nd2 Ndf6 16. Rfd1 Ng4 17. Be7 e3 18. fxe3 Qe5 19. Nf1 Nxe3 20. Bd6 Qe6 21. Nxe3 Qxe3+ 22. Kh1 Re8 23. Bf3 Qh6 24. Qc5 Be6 25. Kg2 Nf6 26. h4 Nd7 27. Qf2 Ne5 28. b3 Rad8 29. Bc5 Nxf3 30. Qxf3 Rxd1 31. Rxd1 f4 32. Ne4 fxg3 33. Qxg3 Qh5 34. Qf2 Qg4+ 35. Ng3 Qh3+ 36. Kg1 Qxh4 37. Rd3 b6 38. Bd4 Rf8 39. Qe3 Bxd4 40. Rxd4 Qh3 41. Re4 Bf5 42. Re7 Qh4 43. Qe5 Qh6 44. Re8 Bd7 45. Rxf8+ Qxf8 46. Ne4 Qf5 47. Qb8+ Kg7 48. Ng3 Qc5+ 49. Kg2 Qe7 50. Qf4 Qf6 51. Qc7 Qe7 52. Qf4 c5 53. e4 Bc6 54. Kh2 h5 55. e5 Qf7 56. Qd2 h4 57. Nf1 Qf3 0-1

[Event "Valencia Mauricio Ramirez Gonzalez"]
[Site "Valencia"]
[Date "2019.03.01"]
[Round "1"]
[White "Ramirez Gonzalez, Mauricio"]
[Black "Duran Martinez, Jeremy Moises"]
[Result "1-0"]
[WhiteElo "2258"]
[BlackElo "1732"]
[PlyCount "37"]
[EventDate "2019.03.01"]
[EventType "team-tourn"]
[EventRounds "6"]
[EventCountry "VEN"]
[SourceTitle "EXT 2022"]
[Source "ChessBase"]
[SourceDate "2021.10.06"]
[SourceVersion "1"]
[SourceVersionDate "2021.10.06"]
[SourceQuality "1"]
[WhiteTeam "Mauri990"]
[BlackTeam "UETD"]
[WhiteTeamCountry "COL"]
[BlackTeamCountry "COL"]

1. d4 d5 2. e3 Nf6 3. Bd3 e6 4. Nd2 c5 5. c3 Nc6 6. f4 Bd6 7. Ngf3 0-0 8. Ne5 Bd7 9. 0-0 Rc8 10. Rf3 Ne7 11. Rh3 cxd4 12. Bxh7+ Nxh7 13. Qh5 Re8 14. Qxf7+ Kh8 15. Qh5 Kg8 16. Qxh7+ Kf8 17. Qh8+ Ng8 18. Rh7 Re7 19. Ng6+ 1-0

[Event "Venezuela op 2nd"]
[Site "Valencia"]
[Date "2018.12.14"]
[Round "1.1"]
[White "Zowain Aguilar, Luis Alfonso"]
[Black "Duran Martinez, Jeremy Moises"]
[Result "1-0"]
[WhiteElo "2248"]
[BlackElo "1663"]
[PlyCount "45"]
[EventDate "2018.12.14"]
[EventType "swiss"]
[EventRounds "6"]
[EventCountry "VEN"]
[SourceTitle "EXT 2021"]
[Source "ChessBase"]
[SourceDate "2020.10.23"]
[SourceVersion "1"]
[SourceVersionDate "2020.10.23"]
[SourceQuality "1"]

1. e4 e5 2. Nf3 Nc6 3. Bb5 a6 4. Bxc6 dxc6 5. d4 exd4 6. Qxd4 Qxd4 7. Nxd4 c5 8. Ne2 Bd7 9. Nbc3 Bd6 10. Bf4 Bxf4 11. Nxf4 0-0-0 12. 0-0-0 Ne7 13. f3 Rhe8 14. Rd2 Nc6 15. Rhd1 Ne5 16. Nh5 Nc4 17. Re2 Re5 18. Rd5 g6 19. Nf6 h5 20. b3 Rxd5 21. Ncxd5 Ne5 22. Ne7+ Kb8 23. Rd2 1-0